000 00541nam a2200181 a 4500
005 20140310183456.0
008 091116s19uu xx 00 eng d
020 _a9780071497961
050 _aLB 2353.62
_b.M379 2008
100 _aMartin, Peggy J.
245 _aFive steps to 5 :
_bAP World history 2008-2009. /
_cPeggy J. Martin
260 _aNew York :
_bMcGraw-Hill,
_c2008.
300 _a310 p. :
_c26 cm.
650 _aWorld History.
650 _aWorld History
_xChronological approach.
942 _cBK
_2lcc
_kFOR
999 _c23620
_d23620